00505nam a2200133 i 4500001000300000245013800003260002100141700003900162040000800201041000800209080001500217008004100232856009800273bg 0aBibliografia Bibliografii i Nauki o Książce 1978.nCz. 2,pPolska Bibliografia Bibliologiczna /coprac. Maria Barbara Bieńkowa. aWarszawa,c1987.1 aBieńkowa, Maria Barbara.eOprac. cBPK apol a016:01+002 s pl f |000 0 pol  uhttp://koha.tu.koszalin.pl/cgi-bin/koha/opac-detail.pl?biblionumber=23628yKatalog online BPK